000 02319cam a22004934i 4500
003 PE-LiUPU
005 20250731183409.0
008 090527s2009 txua rb 001 0 eng
020 _a1602581398
020 _a9781602581395
035 _a(Sirsi) i9781602581395
035 _a(OCoLC)318879504
037 _bBaylor Univ Pr, C/O Hopkins Fulfillment Services Po Box 50370, Baltimore, MD, USA, 50370, USA
_nSAN 202-7348
040 _aDLC
_bspa
_cDLC
_dBTCTA
_dUKM
_dC#P
_dCDX
_dLMR
_dVP@
_dA7U
_dDEBBG
_dMIX
_dBDX
_dOCLCF
_dP4I
_dOCLCQ
_dS3O
_dSFR
_dPE-LiUPU
_erda
049 _aPRUA
050 0 0 _aML3921.8.P67
_bG45 2009
082 0 0 _a781.64112
_bG45
_222
100 1 _aGilmour, Michael J.,
_eautor.
245 1 0 _aGods and guitars :
_bseeking the sacred in post-1960s popular music /
_cMichael J. Gilmour.
264 1 _aWaco, Tex. :
_bBaylor University Press,
_c2009.
300 _axvi, 200 páginas :
_bilustraciones ;
_c23 centímetros
336 _atext
_2rdacontent
337 _aunmediated
_2rdamedia
338 _avolume
_2rdacarrier
504 _aBibliografía : páginas 185-193.
504 _aÍndice : páginas195-200.
505 0 _aSpirituality in post-1960s lyrics -- Religion on record : popular music's anxiety of influence -- Church in a guitar case : comfort and compassion in popular music -- Outrageous religion : sex, defiance, and obsession with the sacred -- Looking beyond the steeple and menorah -- Fade out : stealing from the sacred and rewriting religion.
526 _aP158
526 _aP146
526 _aP17
526 _aP12
526 _aP06
648 7 _aGeschichte 1970-2010.
_2swd
650 0 _aMúsica popular
_xAspectos religiosos.
650 7 _aPopular music
_xReligious aspects.
_2fast
_0(OCoLC)fst01071454
650 0 7 _aReligion.
_2swd
_95128
910 _adbm
_bebj
_cebj
_d20171219
942 _2ddc
_cBOOK
949 _a781.64112 G45
_wDEWEY
_c1
_i77592
_lCATALOGING
_mBUL
_p20.97
_r0
_sY
_tBOOK
_u2017-12-19
_xPOSGRADO
_PP85
_0DONACION
_o.STAFF. Colección Teología.
994 _aC0
_bPEPRU
596 _a1
999 _a781.64112 G45
_wDEWEY
_c26267
_i77592
_f2021-11-11
_g4
_lCCODEBUL1
_mBUL
_p20.97
_r0
_sY
_tBOOK
_u2017-12-19
_xTEOLOGIA
_PP85
_0COMPRA
_o.STAFF. Colección Teología.
_d26267
980 _81
_gALBERTO SANCHEZ Responsable de Automatización